000 01009nas a2200325 4500
001 BR0601895
003 BR-BrBNA
005 20231205105958.0
007 ta
008 230509b bl.|||p| |||| 00| 00por d
040 _aBR-BrBNA
_bpor
_cBiblioteca Nacional de Agricultura
041 _a(Pt)
072 _aP34; P35
100 1 _aVieira, R.F.
100 1 _aTsai, S.M.
100 1 _aTeixeira, M.A.
245 1 _aNodulação e fixação simbiótica de nitrogênio em feijoeiro com estirpes nativas de rizóbio, em solo tratado com lodo de esgoto
650 _aFEIJÃO
650 _aNODULAÇÃO
650 _aFIXAÇÃO SIMBIÓTICA DE NITROGÊNIO
650 _aESTIRPE
650 _aRHIZOBIUM
650 _aTRATAMENTO DO SOLO
650 _aLODO RESIDUAL
650 _aESTUFA
650 _aACETILENO
773 0 _tPesquisa Agropecuária Brasileira (Brazil)
_xISSN 0100-204X
_g(Oct 2005), v. 40(10) p. 1047-1050
_wBR0601895
909 _a202311
_bLúcia
_c55
_dLúcia Elande
942 _2AGRIS
_n0
_cANA
999 _c185657
_d185657